000 00482nam a2200145Ia 4500
008 140724s9999 xx 000 0 und d
050 _aT 58.5
_b.T312 2013
100 _aTenorio, Jose Joaquin O.
245 _aLexile measure book finder for shopeasy.ph /
_cJose Joaquin O. Tenorio.
260 _aLas PiƱas, Philippines :
_bSouthville International School and Colleges,
_cc2013.
300 _a43 p. :
_c28 cm.
521 _aInformation Technology
942 _cTH
999 _c229112
_d229112